Phineas and Ferb Ultimate Quiz - Statistics

General Stats
  • This quiz has been taken 22 times
  • The average score is 13 of 30
Answer Stats
Hint Answer % Correct
What is the shape of Phineas' head? Triangle
85%
What nationality is Ferb? British
80%
Candace’s best friend Stacy
80%
How many days of summer vacation are there? 104
70%
Name of Doofenshmirtz’s daughter Vanessa
70%
Fill in the blank: "____, I know what we're gonna to today!" Ferb
65%
What is the name of the town Phineas and Ferb live in? Danville
60%
What did Phineas and Ferb build on the first episode? Rollercoaster
60%
What job is Doofenshmirtz often confused for? Pharmacist
55%
Type of hat Perry wears as a secret agent (Hint: It’s the same hat Indiana Jones wears) Fedora
50%
What is the name of the troop lead by Isabella? Fireside Girls
50%
Danville’s rock band Love Handel
50%
U.S. monument Phineas and Ferb carve Candace’s face into Mount Rushmore
50%
Name of the organization Perry works for OWCA
50%
Jeremy’s spoiled rotten little sister who hates Candace and always makes her look bad Suzy
45%
Little kids show that Candace loves Ducky Momo
40%
Major Monogram’s first name Francis
40%
Candace’s friend who’s a hippie and desires peace and piegons Jenny
40%
Doofenshmirtz’s new nemesis to replace Perry Peter the Panda
35%
Who are the creators of the show? Dan Povenmire
30%
Phineas and Ferb’s biggest fan Irving
30%
Where is he from? Seattle
30%
Sci-Fi TV show Baljeet is obsessed with Space Adventure
30%
Rabbit which Candace adopts but is a rouge agent Dennis
25%
Jeff "Swampy" Marsh
25%
First name of Isabella’s mom Vivian
25%
What makes Candace’s face go all red and make her voice sound deep? Wild parsnips
25%
What was the name of the pet chameleon Phineas and Ferb find? Steve
20%
the school Phineas and Ferb were taken to when they got busted Smile Away Reformatory
15%
Manipulative leader Candace befriends in Phineas and Ferb the Movie: Candace Against the Universe Super Super Big Doctor
15%
No matching quizzes found
Score Distribution
Percent of People with Each Score
Percentile by Number Answered
Your Score History
You have not taken this quiz